Alternatívne prístupy k riadeniu pohľadávok

Riadenie a správa pohľadávok predstavuje komplex činností, ktoré by sa mali uskutočňovať ešte pred ich vznikom a následne v čase ich existencie. Problematika zastáva celý rad procesov, ku ktorým je potrebné pristupovať zodpovedne, s náležitými skúsenosťami a zručnosťami.

Na minha lista:
Detalhes bibliográficos
Autor principal: Divincová, Alexandra
Formato: Capítulo de Livro
Idioma:eslovaco
Assuntos:
Tags: Adicionar Tag
Sem tags, seja o primeiro a adicionar uma tag!

MARC

LEADER 00000nla a2200000 4500
001 0179933
005 20240522092306.8
041 0 |a slo 
044 |a SK 
245 1 0 |a Alternatívne prístupy k riadeniu pohľadávok  |c Alexandra Divincová 
520 |a Riadenie a správa pohľadávok predstavuje komplex činností, ktoré by sa mali uskutočňovať ešte pred ich vznikom a následne v čase ich existencie. Problematika zastáva celý rad procesov, ku ktorým je potrebné pristupovať zodpovedne, s náležitými skúsenosťami a zručnosťami. 
610 2 0 |a pohľadávky 
610 2 0 |a disciplína platobná 
610 2 0 |a faktoring 
610 2 0 |a riadenie finančné 
610 2 0 |a solventnosť 
610 2 0 |a situácia finančná podniku 
100 1 |a Divincová, Alexandra